Statistics for Directors of the Top 250 Films on IMDb

Click here to take the quiz!

General Stats

  • This quiz has been taken 91 times
  • The average score is 128 of 250

Answer Stats

RankFilmDirector% Correct
136CasinoMartin Scorsese
99%
158Raging BullMartin Scorsese
99%
118Taxi DriverMartin Scorsese
99%
17GoodfellasMartin Scorsese
99%
141Shutter IslandMartin Scorsese
99%
39The DepartedMartin Scorsese
99%
131The Wolf of Wall StreetMartin Scorsese
99%
8Pulp FictionQuentin Tarantino
97%
70Inglourious BasterdsQuentin Tarantino
97%
149Kill Bill: Vol. 1Quentin Tarantino
97%
55Django UnchainedQuentin Tarantino
97%
94Reservoir DogsQuentin Tarantino
97%
143Jurassic ParkSteven Spielberg
96%
23Saving Private RyanSteven Spielberg
96%
6Schindler's ListSteven Spielberg
96%
173Catch Me If You CanSteven Spielberg
96%
56Raiders of the Lost ArkSteven Spielberg
96%
117Indiana Jones and the Last CrusadeSteven Spielberg
96%
205JawsSteven Spielberg
96%
161Dial M for MurderAlfred Hitchcock
92%
33PsychoAlfred Hitchcock
92%
50Rear WindowAlfred Hitchcock
92%
101VertigoAlfred Hitchcock
92%
239RebeccaAlfred Hitchcock
92%
99North by NorthwestAlfred Hitchcock
92%
69The Dark Knight RisesChristopher Nolan
92%
14InceptionChristopher Nolan
92%
41The PrestigeChristopher Nolan
92%
127Batman BeginsChristopher Nolan
92%
3The Dark KnightChristopher Nolan
92%
54MementoChristopher Nolan
92%
25InterstellarChristopher Nolan
92%
2The GodfatherFrancis Ford Coppola
87%
53Apocalypse NowFrancis Ford Coppola
87%
4The Godfather Part IIFrancis Ford Coppola
87%
7The Lord of the Rings: The Return of the KingPeter Jackson
87%
9The Lord of the Rings: The Fellowship of the RingPeter Jackson
87%
13The Lord of the Rings: The Two TowersPeter Jackson
87%
105Full Metal JacketStanley Kubrick
87%
902001: A Space OdysseyStanley Kubrick
87%
188Barry LyndonStanley Kubrick
87%
60Paths of GloryStanley Kubrick
87%
61The ShiningStanley Kubrick
87%
68Dr. StrangeloveStanley Kubrick
87%
104A Clockwork OrangeStanley Kubrick
87%
28Star WarsGeorge Lucas
86%
66AliensJames Cameron
85%
217The TerminatorJames Cameron
85%
29Terminator 2: Judgment DayJames Cameron
85%
62The Great DictatorCharlie Chaplin
83%
128The KidCharlie Chaplin
83%
52City LightsCharlie Chaplin
83%
178The Gold RushCharlie Chaplin
83%
47Modern TimesCharlie Chaplin
83%
140UnforgivenClint Eastwood
82%
175Million Dollar BabyClint Eastwood
82%
172Gran TorinoClint Eastwood
82%
36GladiatorRidley Scott
80%
51AlienRidley Scott
80%
177Blade RunnerRidley Scott
80%
186Gone GirlDavid Fincher
76%
19Se7enDavid Fincher
76%
12Fight ClubDavid Fincher
76%
170FargoJoel Coen
76%
207The Big LebowskiJoel Coen
76%
148No Country for Old MenJoel Coen / Ethan Coen
76%
192Hacksaw RidgeMel Gibson
76%
75BraveheartMel Gibson
76%
30Back to the FutureRobert Zemeckis
76%
11Forrest GumpRobert Zemeckis
76%
157ChinatownRoman Polanski
76%
32The PianistRoman Polanski
76%
81Once Upon a Time in AmericaSergio Leone
76%
126For a Few Dollars MoreSergio Leone
76%
10The Good, the Bad and the UglySergio Leone
76%
48Once Upon a Time in the WestSergio Leone
76%
67American BeautySam Mendes
70%
1221917Sam Mendes
70%
183The Grand Budapest HotelWes Anderson
70%
139Pan's LabyrinthGuillermo del Toro
69%
249Dances with WolvesKevin Costner
69%
96Citizen KaneOrson Welles
69%
138There Will Be BloodPaul Thomas Anderson
69%
135RanAkira Kurosawa
65%
145YojimboAkira Kurosawa
65%
98IkiruAkira Kurosawa
65%
151RashomonAkira Kurosawa
65%
250Dersu UzalaAkira Kurosawa
65%
21Seven SamuraiAkira Kurosawa
65%
85High and LowAkira Kurosawa
65%
156The Elephant ManDavid Lynch
63%
63Avengers: Infinity WarAnthony Russo / Joe Russo
62%
78Avengers: EndgameAnthony Russo / Joe Russo
62%
194Memories of MurderBong Joon-ho
62%
34ParasiteBong Joon-ho
62%
119SnatchGuy Ritchie
62%
162Lock, Stock and Two Smoking BarrelsGuy Ritchie
62%
40WhiplashDamien Chazelle
61%
16The MatrixLana Wachowski / Lilly Wachowski
61%
106ScarfaceBrian De Palma
59%
167TrainspottingDanny Boyle
59%
1The Shawshank RedemptionFrank Darabont
59%
27The Green MileFrank Darabont
59%
198Mr. Smith Goes to WashingtonFrank Capra
58%
243It Happened One NightFrank Capra
58%
20It's a Wonderful LifeFrank Capra
58%
214PlatoonOliver Stone
58%
512 Angry MenSidney Lumet
58%
221NetworkSidney Lumet
58%
204The Seventh SealIngmar Bergman
56%
189Wild StrawberriesIngmar Bergman
56%
244PersonaIngmar Bergman
56%
18One Flew Over the Cuckoo's NestMiloš Forman
56%
72AmadeusMiloš Forman
56%
174My Neighbor TotoroHayao Miyazaki
55%
164Howl's Moving CastleHayao Miyazaki
55%
79Princess MononokeHayao Miyazaki
55%
31Spirited AwayHayao Miyazaki
55%
100The ApartmentBilly Wilder
55%
103Double IndemnityBilly Wilder
55%
64Witness for the ProsecutionBilly Wilder
55%
59Sunset Blvd.Billy Wilder
55%
129Some Like It HotBilly Wilder
55%
86Requiem for a DreamDarren Aronofsky
54%
233The Grapes of WrathJohn Ford
54%
22The Silence of the LambsJonathan Demme
54%
109HeatMichael Mann
54%
152The ThingJohn Carpenter
52%
18212 Years a SlaveSteve McQueen
52%
147Monty Python and the Holy GrailTerry Gilliam / Terry Jones
52%
77JokerTodd Phillips
52%
95Lawrence of ArabiaDavid Lean
51%
169The Bridge on the River KwaiDavid Lean
51%
26Life Is BeautifulRoberto Benigni
51%
144A Beautiful MindRon Howard
51%
219RushRon Howard
51%
114MetropolisFritz Lang
48%
97MFritz Lang
48%
35Léon: The ProfessionalLuc Besson
48%
42The Usual SuspectsBryan Singer
46%
168PrisonersDenis Villeneuve
46%
107IncendiesDenis Villeneuve
46%
155Guardians of the Galaxy Vol. 3James Gunn
46%
238The HandmaidenPark Chan-wook
46%
71OldboyPark Chan-wook
46%
142The Sixth SenseM. Night Shyamalan
45%
199Mad Max: Fury RoadGeorge Miller
44%
213RatatouilleBrad Bird
42%
246The Iron GiantBrad Bird
42%
228The IncrediblesBrad Bird
42%
80Good Will HuntingGus Van Sant
42%
43CasablancaMichael Curtiz
41%
196Sherlock Jr.Buster Keaton
39%
187The GeneralClyde Bruckman / Buster Keaton
39%
181Before SunriseRichard Linklater
39%
220Before SunsetRichard Linklater
39%
84Singin' in the RainStanley Donen / Gene Kelly
39%
245Life of BrianTerry Jones
39%
185On the WaterfrontElia Kazan
38%
191The Deer HunterMichael Cimino
38%
202Dead Poets SocietyPeter Weir
38%
137The Truman ShowPeter Weir
38%
225The ExorcistWilliam Friedkin
38%
209Ford v FerrariJames Mangold
37%
215LoganJames Mangold
37%
236Amores PerrosAlejandro González Iñárritu
34%
242The 400 BlowsFrançois Truffaut
34%
15The Empire Strikes BackIrvin Kershner
34%
154Spider-Man: No Way HomeJon Watts
34%
166Three Billboards Outside Ebbing, MissouriMartin McDonagh
34%
180Harry Potter and the Deathly Hallows: Part 2David Yates
32%
218Stand by MeRob Reiner
32%
223Into the WildSean Penn
32%
222The Wizard of OzVictor Fleming
32%
160Gone with the WindVictor Fleming
32%
224The Best Years of Our LivesWilliam Wyler
31%
184Ben-HurWilliam Wyler
31%
146The Treasure of the Sierra MadreJohn Huston
30%
74Toy StoryJohn Lasseter
28%
212RockyJohn G. Avildsen
28%
132All About EveJoseph L. Mankiewicz
28%
91Eternal Sunshine of the Spotless MindMichel Gondry
28%
93The HuntThomas Vinterberg
28%
193The Third ManCarol Reed
27%
226Groundhog DayHarold Ramis
27%
241The Sound of MusicRobert Wise
27%
24City of GodFernando Meirelles
25%
76Das BootWolfgang Petersen
25%
208Tokyo StoryYasujirô Ozu
25%
201Monsters, Inc. Pete Docter
24%
163Inside OutPete Docter
24%
110UpPete Docter
24%
230Pirates of the Caribbean: The Curse of the Black PearlGore Verbinski
24%
120Bicycle ThievesVittorio De Sica
24%
153Finding NemoAndrew Stanton
23%
57WALL·EAndrew Stanton
23%
115Die HardJohn McTiernan
23%
87Toy Story 3Lee Unkrich
20%
73CocoLee Unkrich
20%
112The StingGeorge Roy Hill
20%
102AmélieJean-Pierre Jeunet
20%
227La HaineMathieu Kassovitz
20%
133Green BookPeter Farrelly
20%
89Return of the JediRichard Marquand
20%
235Pather PanchaliSatyajit Ray
20%
44Grave of the FirefliesIsao Takahata
17%
45HarakiriMasaki Kobayashi
17%
116L.A. ConfidentialCurtis Hanson
15%
229To Be or Not to BeErnst Lubitsch
15%
123Top Gun: MaverickJoseph Kosinski
15%
216SpotlightTom McCarthy
15%
210The Passion of Joan of ArcCarl Theodor Dreyer
14%
49Cinema ParadisoGiuseppe Tornatore
13%
113A SeparationAsghar Farhadi
11%
58The Lives of OthersFlorian Henckel von Donnersmarck
11%
130The FatherFlorian Zeller
11%
195The Wages of FearHenri-Georges Clouzot
11%
150The Great EscapeJohn Sturges
11%
206RoomLenny Abrahamson
11%
134Judgment at NurembergStanley Kramer
11%
37The Lion KingRoger Allers / Rob Minkoff
10%
92Come and SeeElem Klimov
10%
234The Battle of AlgiersGillo Pontecorvo
10%
211Hotel RwandaTerry George
10%
38American History XTony Kaye
10%
65Spider-Man: Into the Spider-VerseBob Persichetti / Peter Ramsey / Rodney Rothman
8%
82Your Name. Makoto Shinkai
8%
190In the Name of the FatherJim Sheridan
8%
46The IntouchablesOlivier Nakache
8%
111To Kill a MockingbirdRobert Mulligan
8%
247The HelpTate Taylor
8%
165The Secret in Their EyesJuan José Campanella
7%
231Hachi: A Dog's TaleLasse Hallström
7%
240Cool Hand LukeStuart Rosenberg
7%
203How to Train Your DragonDean DeBlois
6%
248AladdinRon Clements / John Musker
6%
197Wild TalesDamián Szifron
6%
171WarriorGavin O'Connor
6%
176Children of HeavenMajid Majidi
6%
88CapernaumNadine Labaki
6%
200Mary and MaxAdam Elliot
4%
179KlausSergio Pablos / Carlos Martínez López
4%
833 IdiotsRajkumar Hirani
4%
108HamiltonThomas Kail
4%
121Like Stars on EarthAamir Khan
3%
237My Father and My SonÇagan Irmak
3%
159V for VendettaJames McTeigue
3%
125DangalNitesh Tiwari
3%
124DownfallOliver Hirschbiegel
3%
232Jai BhimT.J. Gnanavel
3%

Score Distribution

Percentile by Number Answered

Percent of People with Each Score

Your Score History

You have not taken this quiz